| 000 | 00530ntaaa2200193 4500 | ||
|---|---|---|---|
| 003 | 01 | ||
| 005 | 20251027202447.0 | ||
| 008 | 0714s1973 ag 01 | ||
| 040 |
_aAR-BaBN _bspa _cAR-BaBN _eaacr _dRIC |
||
| 082 | _a266.0954 M24 | ||
| 100 |
_aMcPhail, Jasper L. _923504 |
||
| 245 | _aBeneath the Himalayas | ||
| 250 | _a1 ed. | ||
| 260 |
_aNashville : _bConvention Press, _cc1966 |
||
| 300 | _a118 p. | ||
| 500 | _aestudio de la obra misionera bautista en la India, Pakistan y alrededores | ||
| 650 |
_aIndia _919893 |
||
| 942 | _cBK | ||
| 999 |
_c19617 _d19617 |
||